00596 2200205 4500001002100000005001500021035002000036007000300056008004100059020002200100082001000122084001600132100001600148245007000164250002000234260003700254300003700291600002600328856003600354INLIS00000000113942120220121021537 a0010-0122004581ta220121 g 0 ind  a978-602-61805-3-7 a741.5 a741.5 UNG f0 aungu lianza1 akisah-kisah hewan unik :bfabel pembentuk karakter /cungu lianza acetakan pertama asurakarta :bvisi mandiri,c2017 a205 halaman :bilustrasi ;c24cm 4agambar dan menggambar aPerpustakaan Umum Kota Makassar